Liturgia de las horas : laudes, visperas, completas /

Guardat en:
Dades bibliogràfiques
Autor corporatiu: Iglesia Católica. Conferencia Episcopal Ecuatoriana. Departamento de Liturgia y Departamento de Música Sacra
Format: Llibre
Idioma:espanyol
Edició:6a edición
Matèries:
Etiquetes: Afegir etiqueta
Sense etiquetes, Sigues el primer a etiquetar aquest registre!

MARC

LEADER 00000nam^a2200000^a^4500
001 000380827
005 20250521000000.0
009 20260310120624.701
037 |a Acervo Xavier Clavigero 
041 |a ESP 
082 |a 264. 024  |b IGL 
110 |a Iglesia Católica.  |b Conferencia Episcopal Ecuatoriana. Departamento de Liturgia y Departamento de Música Sacra 
245 1 0 |a Liturgia de las horas :  |b laudes, visperas, completas /  |c Conferencia Episcopal Ecuatoriana. Departamento de Liturgia y Departamento de Música Sacra. 
250 |a 6a edición  |b aumentada 
264 |a Quito, Ecuador :  |b Secretariado Nacional de Liturgia,  |c 1972 
300 |a 88 p. 
336 |a texto  |b txt  |2 rdacontenido 
337 |a sin mediación  |b n  |2 rdamedio 
338 |a volumen  |b nc  |2 rdasoporte 
561 |a Ex libris de Instituto de Literatura Puente Grande, Jal. 
561 |a Ex libris de Bibl. Iunioratus Dom. Prob. S. Ioseph 
649 |a XX 
650 |a Iglesia Católica 
650 |a Vísperas (Oficio Divino) 
650 |a Libros de Horas -  |x Tema Principal 
650 |a Libros de Oraciones y Devocionarios 
650 |a Liturgia Cristiana -  |x Tema Principal 
650 |a Catolicismo 
650 |a Cristianismo 
650 |a Religión 
910 |a Fondo General 
920 |a Impresos - Libros 
930 |a Colección General 
905 |a 101 
901 |a 004258  |b IT1  |c ACC  |u 20250521 
902 |a https://opac.biblio.iteso.mx/vufind/Record/000380827